Probability for Engineering, Mathematics, and Science (Record no. 8209)

MARC details
000 -LEADER
fixed length control field 01226cam a22003497a 4500
001 - CONTROL NUMBER
control field 16723949
003 - CONTROL NUMBER IDENTIFIER
control field OSt
005 - DATE AND TIME OF LATEST TRANSACTION
control field 20231017132555.0
008 - FIXED-LENGTH DATA ELEMENTS--GENERAL INFORMATION
fixed length control field 110406s2012 maua 001 0 eng d
010 ## - LIBRARY OF CONGRESS CONTROL NUMBER
LC control number 2011926935
020 ## - INTERNATIONAL STANDARD BOOK NUMBER
International Standard Book Number 97811114580735
020 ## - INTERNATIONAL STANDARD BOOK NUMBER
International Standard Book Number 1111580731
035 ## - SYSTEM CONTROL NUMBER
System control number (OCoLC)ocn826735140
040 ## - CATALOGING SOURCE
Original cataloging agency CNCEN
Transcribing agency CNCEN
Modifying agency OCLCO
-- BTCTA
-- YDXCP
-- DLC
042 ## - AUTHENTICATION CODE
Authentication code lccopycat
050 00 - LIBRARY OF CONGRESS CALL NUMBER
Classification number TA340
Item number .T76 2012
082 ## - DEWEY DECIMAL CLASSIFICATION NUMBER
Classification number 519 TSO 2012.
100 1# - MAIN ENTRY--PERSONAL NAME
Personal name Tsokos, Chris P.
9 (RLIN) 16749
245 10 - TITLE STATEMENT
Title Probability for Engineering, Mathematics, and Science
260 ## - PUBLICATION, DISTRIBUTION, ETC. (IMPRINT)
Place of publication, distribution, etc. Boston;
Name of publisher, distributor, etc. Brooks,
Date of publication, distribution, etc. c2012.
300 ## - PHYSICAL DESCRIPTION
Extent xiv, 587 p. :
Other physical details ill. ;
Dimensions 24 cm.
500 ## - GENERAL NOTE
General note Includes index.
650 #0 - SUBJECT ADDED ENTRY--TOPICAL TERM
Topical term or geographic name as entry element Engineering
9 (RLIN) 16750
650 #0 - SUBJECT ADDED ENTRY--TOPICAL TERM
Topical term or geographic name as entry element Probabilities.
9 (RLIN) 2821
650 #0 - SUBJECT ADDED ENTRY--TOPICAL TERM
Topical term or geographic name as entry element Sciences
9 (RLIN) 4174
856 42 - ELECTRONIC LOCATION AND ACCESS
Materials specified Publisher description
Uniform Resource Identifier http://www.loc.gov/catdir/enhancements/fy1402/2011926935-d.html
856 41 - ELECTRONIC LOCATION AND ACCESS
Materials specified Table of contents only
Uniform Resource Identifier http://www.loc.gov/catdir/enhancements/fy1402/2011926935-t.html
906 ## - LOCAL DATA ELEMENT F, LDF (RLIN)
a 7
b cbc
c copycat
d 3
e ncip
f 20
g y-gencatlg
942 ## - ADDED ENTRY ELEMENTS (KOHA)
Source of classification or shelving scheme Dewey Decimal Classification
Koha item type Book Bank
Holdings
Withdrawn status Lost status Source of classification or shelving scheme Damaged status Not for loan Home library Current library Date acquired Source of acquisition Inventory number Total Checkouts Full call number Barcode Date last seen Koha item type
    Dewey Decimal Classification     Main Kihumuro Campus Main Kihumuro Campus 12/10/2023 Purchase 23/42206   519 TSO 2012. 2023-0629 12/10/2023 Book Bank
    Dewey Decimal Classification     Main Kihumuro Campus Main Kihumuro Campus 12/10/2023 Purchase 23/42207   519 TSO 2012. 2023-0630 12/10/2023 Book Bank